La personalidad jurídica de las entidades religiosas en España
Guardat en:
| Autor principal: | |
|---|---|
| Format: | Llibre |
| Idioma: | espanyol |
| Publicat: |
Madrid
Marcial Pons
1995
|
| Matèries: | |
| Etiquetes: |
Afegir etiqueta
Sense etiquetes, Sigues el primer a etiquetar aquest registre!
|
MARC
| LEADER | 00000nam a2200000 a 4500 | ||
|---|---|---|---|
| 001 | UCM9320 | ||
| 003 | CL-VaPUC | ||
| 008 | 030417e19950000SP |||||||||||||||||spa|d | ||
| 082 | 0 | 4 | |a 262.9 |b CAM |2 21 |
| 100 | 0 | |a Camarasa Carrillo, José |e author |9 475824 | |
| 245 | 1 | 3 | |a La personalidad jurídica de las entidades religiosas en España |
| 300 | |a 134 p | ||
| 942 | |c BK | ||
| 945 | |d 20030417 00:00:00 |a cmena | ||
| 260 | |a Madrid |b Marcial Pons |c 1995 | ||
| 650 | 0 | |a Derecho eclesiástico |9 255055 | |
| 650 | 7 | |a DERECHO ECLESIASTICO ESPAÑOL |2 CL-VaPUC |9 475825 | |
| 650 | 0 | |a Personalidad jurídica |9 315329 | |
| 583 | |a last modification |c 20030417 00:00:00 |k Rodrigo Vera | ||
| 999 | |c 303641 |d 303639 | ||
| 952 | |0 0 |1 0 |4 0 |6 262_900000000000000_CAM_1995 |7 0 |8 A |9 365104 |a BIBDER |b BIBDER |d 2019-11-21 |i 3897257 |o 262.9 CAM 1995 |p 3897257 |r 2023-01-25 |w 2019-11-21 |y BK |k DER | ||